000 00781nam a2200253Ia 4500
003 OSt
005 20220926030422.0
006 a|||||r|||| 00| 0
007 ta
008 220923b |||||||| |||| 00| 0 eng d
037 _cGeneral Book
040 _aRTL
_cRTL
_beng
041 _2eng
_aeng
082 _aV73,4:916.N6, K8
100 _aBibby John F
_9334256
245 0 _aPolitics of national convention finances and arran
260 _aPrinceton
_bNew Jersey S R F
_c1968
300 _a100p
_ccm.
490 _aCitizens Research Foundation, Publication
650 _aConstitution United States
_9240337
700 _a McKeough Kevin L
_9334257
942 _hV73,4:916.N6, K8
_cGB
_2CC
999 _c649690
_d649690